Постановление ГКО СССР № 3134 с о создании резерва порожних вагонов в Наркомате путей сообщения, с приложением докладной записки...

RUSMARC
00004781cbm0a2200313#x 450
001113727d1-cc3e-4a45-96f9-2d3a28270261
00520241001155902.0
100##$a20240930j19430407k###0rusy50 ca
1010#$arus
102##$aRU
105##$ay###z########
1220#$ad19430407##
2001#$aПостановление ГКО СССР № 3134 с о создании резерва порожних вагонов в Наркомате путей сообщения, с приложением докладной записки Кагановича Л. М., Хрулева А. В., Берии Л. П., Маленкова Г. М. Сталину И. В.
$j7 апреля 1943 г.
251##$cДокумент
300##$aРассылочный и подлинный экземпляры
461#0$12001
$aФ. 644
$1251
$cФонд
$1852
$j644
462#0$12001
$aОп. 1
$1251
$cОпись
$1852
$j1
60101$2nlr_sh
$3RU\NLR\AUTH\661357733
$aСССР
$bГосударственный Комитет Обороны
$xИстория
$jДокументы и материалы
605##$2acquisition_Prlib
$3LIBNET\UAF\0000088514
$aВторая мировая война в архивных документах (Комплекс оцифрованных архивных документов, кино- и фотоматериалов)
$lколлекция
605##$2acquisition_Prlib
$3DITM\AF\0000002775
$aВласть
$lколлекция
6061#$2nlr_sh1
$3RU\NLR\AUTH\66399159
$aЖелезнодорожный транспорт
$yСССР
$z1941 - 1945
$jДокументы и материалы
686##$a65.03(2)622ю1
$2rubbk
$vLBC/M
686##$a63.3(2)622,12ю1
$2rubbk
$vLBC/M
686##$a39.2(2)г.ю1
$2rubbk
$vLBC/M
801#0$aRU
$bПБ им. Б.Н. Ельцина
$c20240930
801#1$aRU
$bПБ им. Б.Н. Ельцина
$c20240930
$2rusmarc
801#2$aRU
$bПБ им. Б.Н. Ельцина
$c20241001
$2rusmarc
850##$aРоссийский государственный архив социально-политической истории
852##$aРГАСПИ
$jД. 102. Л. 1-2об.; Оп. 2. Д. 153. Л. 1-3
035##$aLIBNET\0001426421
937##$d194149561
$hФедеральное архивное агентство
8564#$uhttp://readingroom.main.prlib.ru/item.aspx?id_node=n194149561&mode=full
Формат отображения